00413nam a2200121Ia 4500008004100000245003800041245004800079260000900127650001200136856005100148999001900199952007300218171211s9999 xx 000 0 und d 4aThe Gothic Worlds of Peter Straub cForeword Gary K. Wolfe and John C. Tibbetts c2016 xCULTURE uhttp://down.ebook777.com/062/9781476664927.pdf c347851d347851 001040aCLbCLd2017-12-11l0r2017-12-11 00:00:00w2017-12-11yCBE